The Third Circle / Amanda Quick.
In this new Arcane Society novel set in Victorian England, Leona Hewitt, a gifted crystal worker, isn't the only one sneaking into Lord Delbridge's private museum to recover a relic. Thaddeus Ware, a mesmerist with psychic gifts, is on a similar mission. Neither one of them has any idea that this relic--a rare ancient crystal--will lead them in a deadly chase where danger and desire await.
Record details
- ISBN: 9780399154843
- ISBN: 0399154841
- Physical Description: 342 pages ; 24 cm.
- Publisher: New York : G.P. Putnam's Sons, c2008.
Search for related items by subject
| Subject: | Relics > Fiction. Hypnotists > Fiction. Secret societies > England > Fiction. Historical fiction. |
Available copies
- 1 of 1 copy available at scottsboropl.
Holds
- 0 current holds with 1 total copy.
Show Only Available Copies
| Location | Call Number / Copy Notes | Barcode | Shelving Location | Status | Due Date |
|---|---|---|---|---|---|
| scottsboropl | F Qui | 32269000802143 | Adult - Fiction | Available | - |
| LDR | 01249pam a2200289 a 4500 | ||
|---|---|---|---|
| 001 | 117789 | ||
| 003 | CONS | ||
| 005 | 20170825065004.0 | ||
| 008 | 071029s2008 nyu 000 1 eng d | ||
| 010 | . | ‡a 2007044774 | |
| 020 | . | ‡a9780399154843 | |
| 020 | . | ‡a0399154841 | |
| 035 | . | ‡a(CPomAG)LMN316052 | |
| 043 | . | ‡ae-uk-en | |
| 050 | 0 | 0. | ‡aPS3561.R44 ‡bT49 2008 |
| 082 | 0 | 0. | ‡a813/.54 ‡222 |
| 100 | 1 | . | ‡aQuick, Amanda. |
| 245 | 1 | 4. | ‡aThe Third Circle / ‡cAmanda Quick. |
| 260 | . | ‡aNew York : ‡bG.P. Putnam's Sons, ‡cc2008. | |
| 300 | . | ‡a342 pages ; ‡c24 cm. | |
| 520 | . | ‡aIn this new Arcane Society novel set in Victorian England, Leona Hewitt, a gifted crystal worker, isn't the only one sneaking into Lord Delbridge's private museum to recover a relic. Thaddeus Ware, a mesmerist with psychic gifts, is on a similar mission. Neither one of them has any idea that this relic--a rare ancient crystal--will lead them in a deadly chase where danger and desire await. | |
| 650 | 0. | ‡aRelics ‡vFiction. | |
| 650 | 0. | ‡aHypnotists ‡vFiction. | |
| 650 | 0. | ‡aSecret societies ‡zEngland ‡vFiction. | |
| 650 | 0. | ‡aHistorical fiction. | |
| 959 | . | ‡i32269000802143 ‡lF Qui ‡aAdult - Fiction ‡tFiction ‡g25.00 | |
| 852 | . | ‡p32269000802143 ‡jF Qui ‡gAdult - Fiction ‡cFiction ‡y25.00 ‡bSBPL | |
| 901 | . | ‡a117789 ‡bUnknown ‡c117789 ‡tbiblio | |